Opening buildings to all (Record no. 73747)
[ view plain ]
| 000 -LEADER | |
|---|---|
| fixed length control field | 01591cam a2200217 4500 |
| 001 - CONTROL NUMBER | |
| control field | WB3942-02 |
| 008 - FIXED-LENGTH DATA ELEMENTS--GENERAL INFORMATION | |
| fixed length control field | 031105n2003 000 0 eng u |
| 035 ## - SYSTEM CONTROL NUMBER | |
| System control number | (Sirsi) u124241 |
| 245 ## - TITLE STATEMENT | |
| Title | Opening buildings to all |
| 260 ## - PUBLICATION, DISTRIBUTION, ETC. | |
| Date of publication, distribution, etc. | 2003 |
| 490 ## - SERIES STATEMENT | |
| Series statement | ODPM News Release |
| Volume/sequential designation | (2003/0229) 5 November 2003 (2) |
| 520 ## - SUMMARY, ETC. | |
| Summary, etc. | ODPM has published new guidance to ensure that newly constructed public and commercial buildings make access easier for all by providing level entrances and facilities such as automatic doors, audio enhancement and clearer signage. Existing buildings, when they are altered or undergo certain changes of use will also be affected by this guidance. The proposals relate to Part M of the Building Regulations 2000, bringing the regulations into line with BS 8300: 2001 and support the aims of the Disability Discrimination Act 1995. Approved Document M (2004 Edition) and ODPM circular 11/2003 are available at http://www.odpm.gov.uk/stellent/groups/odpm_buildreg/documents/page/odpm_breg_025494.hcsp and http://www.odpm.gov.uk/pns/DisplayPN.cgi?pn_id=2003_0229. The Building (Amendment) Regulations 2003 SI 2003: 2692 are available at http://www.legislation.gov.uk/uksi/2003/2692/contents/made. |
| 590 ## - LOCAL NOTE (RLIN) | |
| Local note | WB |
| 650 ## - SUBJECT ADDED ENTRY--TOPICAL TERM | |
| Topical term or geographic name entry element | DISABILITY DISCRIMINATION ACT 1995 |
| 650 ## - SUBJECT ADDED ENTRY--TOPICAL TERM | |
| Topical term or geographic name entry element | PUBLIC BUILDINGS |
| 650 ## - SUBJECT ADDED ENTRY--TOPICAL TERM | |
| Topical term or geographic name entry element | COMMERCIAL BUILDINGS |
| 650 ## - SUBJECT ADDED ENTRY--TOPICAL TERM | |
| Topical term or geographic name entry element | BUILDING REGULATIONS 2000 APPROVED DOCUMENT M (2004 EDITION) |
| 650 ## - SUBJECT ADDED ENTRY--TOPICAL TERM | |
| Topical term or geographic name entry element | MANAGEMENT-BUSINESS MANAGEMENT-DISCRIMINATION-DISABILITY DISCRIMINATION-ACCESSIBILITY |
| 690 ## - LOCAL SUBJECT ADDED ENTRY--TOPICAL TERM (OCLC, RLIN) | |
| Topical term or geographic name as entry element | BUILT ENVIRONMENT-BUILDING STANDARDS |
| 942 ## - ADDED ENTRY ELEMENTS (KOHA) | |
| Suppress in OPAC | 0 |
| Withdrawn status | Lost status | Source of classification or shelving scheme | Damaged status | Not for loan | Home library | Current library | Shelving location | Date acquired | Total Checkouts | Full call number | Barcode | Date last seen | Copy number | Price effective from | Koha item type |
|---|---|---|---|---|---|---|---|---|---|---|---|---|---|---|---|
| Dewey Decimal Classification | London | London | News article | 05/11/2003 | WB3942-02 | 124241-1001 | 06/08/2019 | 1 | 06/08/2019 | News article |